Imposición de la medalla de plata de la provincia al Conde de Arruga, y de la de bronce, a la entidad Amigos de los Museos.
Descripción Física:
Il·lustracions
Colección:
San Jorge,
; núm. 5 (gener 1952), pàg. 45
Materias:
Arruga, H. -- (Hermenegild), -- 1886-1972 -- Medalles
; Amigos de los Museos (Barcelona, Catalunya) -- Medalles
; Medalla de plata de la Província de Barcelona
; Medalla de bronze de la Província de Barcelona
Idioma:
Español
MARC
| LEADER | 00000naa a2200000 a 4500 | ||
|---|---|---|---|
| 003 | Arxiu | ||
| 005 | 20260324181041.0 | ||
| 008 | 160829s1952 spcaxx s spa c | ||
| 040 | |a agdb | ||
| 245 | 0 | 0 | |a Imposición de la medalla de plata de la provincia al Conde de Arruga, y de la de bronce, a la entidad Amigos de los Museos. |
| 300 | |b Il·lustracions | ||
| 490 | |a San Jorge, |v núm. 5 (gener 1952), pàg. 45 | ||
| 600 | 1 | 0 | |a Arruga, H. |q (Hermenegild), |d 1886-1972 |x Medalles |9 54541 |
| 610 | 2 | 0 | |a Amigos de los Museos (Barcelona, Catalunya) |x Medalles |9 54543 |
| 650 | |a Medalla de plata de la Província de Barcelona |9 33786 | ||
| 650 | |a Medalla de bronze de la Província de Barcelona |9 31262 | ||
| 773 | |t San Jorge. |g Núm. 5 (gener 1952), pàg. 45 | ||
| 901 | |a Arxiu | ||
| 942 | |n 1 |2 udc |c ART | ||
| 952 | |0 0 |1 0 |4 0 |6 REV508 |7 1 |9 64609 |a Arxiu |b Arxiu |d 2022-12-02 |l 0 |o Rev-508 |r 2022-12-02 00:00:00 |w 2022-12-02 |y ARXIU |z També disponible a Rev-521 | ||
| 999 | |c 49089 |d 49089 | ||